| 000 | 00898cam a2200265 4500 | ||
|---|---|---|---|
| 001 | 2202744 | ||
| 005 | 20161025112754.0 | ||
| 008 | 710323s1970 enka b 001 0 eng | ||
| 010 | _a 73543361 | ||
| 015 | _aB70-23243 | ||
| 020 | _a0723401640 | ||
| 040 |
_aDLC _cDLC _dDLC |
||
| 050 | 0 | 0 |
_aTP159.C3 _bI46 |
| 082 | 0 | 0 |
_a660.2995 _222 _bCAT |
| 110 | 2 |
_aImperial Chemical Industries, ltd. _bAgricultural Division. _96660 |
|
| 245 | 1 | 0 |
_aCatalyst Handbook: _bwith special reference to unit processes in ammonia and hydrogen manufacture; _c[prepared by the research chemists and engineers of the Agricultural Division of I.C.I.]. |
| 260 |
_aLondon: _bWolfe Scientific books, _c1970. |
||
| 300 |
_a 231 p.: _bill. ; _c26 cm. |
||
| 350 | _a63/- | ||
| 504 | _aBibliography: p. 182-184. | ||
| 650 | 0 |
_aHydrogen. _96662 |
|
| 650 | 0 |
_aAmmonia. _96663 |
|
| 650 | 0 |
_96661 _aCatalysts |
|
| 942 |
_2ddc _cBB |
||
| 999 |
_c11954 _d11954 |
||